| 000 | 00639nam a2200205 a 4500 | ||
|---|---|---|---|
| 005 | 20240928063741.0 | ||
| 008 | 030918s1992 ea r 000 0 eng d | ||
| 020 | _a9171530134 | ||
| 035 | _aUPN01000128956 | ||
| 049 | _aCG | ||
| 050 | 4 |
_aHD2731 _bC3.3 |
|
| 100 | 1 | _aCarlsson, Alf | |
| 245 | 1 | 0 |
_aCooperatives and the state : _bpartners in development? a human resourse perspective / _cAlf Carlsson. |
| 260 |
_aStockholm : _bIIESU, _c1992. |
||
| 300 | _a235 p. | ||
| 440 | 0 |
_aStudies in comparative and international education ; _v22 |
|
| 650 | 4 |
_aEmpresas _xAdministración _9229 |
|
| 650 | 2 |
_aRecursos humanos _99244 |
|
| 905 | _aLibro | ||
| 999 |
_c101129 _d101129 |
||